00424nam a2200181Ia 4500003000400000005001700004008004100021020001800062040000700080041000800087082001900095100001700114245003300131250000600164260004300170300001600213365001300229OSt20230503113131.0210423s2010 xx 000 0 und d a9788122422771 cAL aeng a515.8 MALS223 aMALIK (S C). aPrinciples of real analysis. a2 aNew DelhibNew Age Internationalc2010 axii,375bPB b200cINR